Welcome to CU Library Online Public Access Catalogue (OPAC)

STRATEGIC MANAGEMENT (Record no. 5308)

MARC details
000 -LEADER
fixed length control field 00505nam a22001937a 4500
005 - DATE AND TIME OF LATEST TRANSACTION
control field 20250328145330.0
008 - FIXED-LENGTH DATA ELEMENTS--GENERAL INFORMATION
fixed length control field 250328b |||||||| |||| 00| 0 eng d
020 ## - INTERNATIONAL STANDARD BOOK NUMBER
International Standard Book Number 9780324114799
050 ## - LIBRARY OF CONGRESS CALL NUMBER
Classification number HD 30.28 HIT
100 ## - MAIN ENTRY--PERSONAL NAME
Personal name HITT MICHAEL A.
245 ## - TITLE STATEMENT
Title STRATEGIC MANAGEMENT
250 ## - EDITION STATEMENT
Edition statement 5TH ED.
260 ## - PUBLICATION, DISTRIBUTION, ETC.
Place of publication, distribution, etc. AUSTRALIA
Name of publisher, distributor, etc. THOMSON
Date of publication, distribution, etc. 2003
300 ## - PHYSICAL DESCRIPTION
Extent XXXI,479p.,ILLUS.,TABLES,DIAGRAMS
500 ## - GENERAL NOTE
General note INDEX
700 ## - ADDED ENTRY--PERSONAL NAME
Personal name IRELAND R. DUANE
710 ## - ADDED ENTRY--CORPORATE NAME
Corporate name or jurisdiction name as entry element HOSKISSON ROBERT E.
942 ## - ADDED ENTRY ELEMENTS (KOHA)
Source of classification or shelving scheme Library of Congress Classification
Koha item type Books
Edition 5TH ED.
Suppress in OPAC No
999 ## -
-- 5308
-- 5308
Holdings
Withdrawn status Lost status Source of classification or shelving scheme Damaged status Not for loan Collection Home library Current library Shelving location Date acquired Total checkouts Full call number Barcode Date last seen Copy number Price effective from Koha item type
    Library of Congress Classification     Non-fiction Graduate Library (Christ Temple) Graduate Library (Christ Temple) General stacks 03/28/2025   HD 30.28 HIT gsct00000946 03/28/2025 1 03/28/2025 Books
    Library of Congress Classification     Non-fiction Graduate Library (Christ Temple) Graduate Library (Christ Temple) General stacks 03/28/2025   HD 30.28 HIT gsct00000947 03/28/2025 2 03/28/2025 Books
    Library of Congress Classification     Non-fiction Graduate Library (Christ Temple) Graduate Library (Christ Temple) General stacks 03/28/2025   HD 30.28 HIT gsct00000948 03/28/2025 3 03/28/2025 Books
    Library of Congress Classification     Non-fiction Graduate Library (Christ Temple) Graduate Library (Christ Temple) General stacks 04/10/2025   HD 30.28 HIT GSCT00000980 04/10/2025 1 04/10/2025 Books
    Library of Congress Classification     Non-fiction Undergraduate Library (Christ Temple) Undergraduate Library (Christ Temple) General stacks 04/07/2025   HD30.28 HIT ulct00002109 04/07/2025 1 04/07/2025 Books
© 2023-2024 Copyright: Central University Libraries. All Rights Reserved | Created by: Mahone Tech Office